[Event "6. ODEM U25 2009"]
[Site "Willingen GER"]
[Date "2009.06.03"]
[Round "6"]
[White "Berger, Manuel"]
[Black "Rummer, Bärbel"]
[Result "1/2-1/2"]
[Termination "normal"]
[Board "42"]
[WhiteElo "1767"]
[BlackElo "1476"]
[PlyCount "65"]
[WhiteFideId "24692506"]
[BlackFideId "12900109"]
[EventCountry "GER"]
[EventRounds "9"]
[EventType "swiss"]
[EventDate "2009.05.30"]

1. e4 e5 2. Bc4 Nf6 3. d3 Nc6 4. Nc3 h6 5. Nge2 Bc5 6. O-O d6 7. Na4 Bb6 8.
Nxb6 axb6 9. a3 O-O 10. h3 Re8 11. Ng3 Ne7 12. f4 exf4 13. Bxf4 Ng6 14. Nh5
Nxh5 15. Qxh5 Be6 16. Bxe6 Rxe6 17. Rf2 Ra5 18. Qe2 Qh4 19. Raf1 Rf6 20. Bd2
Rxf2 21. Qxf2 Qxf2+ 22. Rxf2 Re5 23. Kh2 f6 24. Kg3 Kf7 25. Kf3 d5 26. Re2
dxe4+ 27. Rxe4 Rc5 28. Bc3 Rd5 29. Rc4 Rd7 30. a4 Re7 31. a5 bxa5 32. h4 b6 33.
h5 1/2-1/2

[Event "6. ODEM U25 2009"]
[Site "Willingen GER"]
[Date "2009.06.03"]
[Round "6"]
[White "Klosa, Kevin"]
[Black "Popp, Maximilian"]
[Result "0-1"]
[Termination "normal"]
[Board "43"]
[WhiteElo "1453"]
[BlackElo "1704"]
[PlyCount "48"]
[WhiteFideId "12900206"]
[BlackFideId "24673668"]
[EventCountry "GER"]
[EventRounds "9"]
[EventType "swiss"]
[EventDate "2009.05.30"]

1. e4 e6 2. d4 d5 3. exd5 exd5 4. Nf3 Bd6 5. Bd3 Bg4 6. O-O Ne7 7. Bg5 f6 8.
Bh4 Nbc6 9. c3 Qd7 10. Nbd2 O-O-O 11. b4 Rde8 12. a4 g5 13. Bg3 h5 14. a5 h4
15. Bxd6 Qxd6 16. b5 Nb8 17. Qb3 Reg8 18. Rfb1 Bxf3 19. Nxf3 g4 20. Ne1 g3 21.
fxg3 hxg3 22. h3 Qf4 23. Nf3 Qe3+ 24. Kh1 Rxh3+ 0-1

[Event "6. ODEM U25 2009"]
[Site "Willingen GER"]
[Date "2009.06.03"]
[Round "6"]
[White "Herbst, Matthew"]
[Black "Wang, Julia"]
[Result "1/2-1/2"]
[Termination "normal"]
[Board "44"]
[WhiteElo "1615"]
[BlackElo "1506"]
[PlyCount "171"]
[WhiteFideId "24601950"]
[BlackFideId "24692565"]
[EventCountry "GER"]
[EventRounds "9"]
[EventType "swiss"]
[EventDate "2009.05.30"]

1. e4 c6 2. d4 d5 3. Nc3 dxe4 4. Nxe4 Bf5 5. Ng3 Bg6 6. h4 h6 7. Bc4 Nd7 8.
N1e2 Ngf6 9. Nf4 Bh7 10. c3 e6 11. O-O g5 12. hxg5 hxg5 13. Nh3 g4 14. Nf4 Qc7
15. Re1 O-O-O 16. Bd3 Bd6 17. Nfe2 Bxd3 18. Qxd3 Rh7 19. b4 Rdh8 20. Kf1 Nd5
21. a3 N7f6 22. c4 Nf4 23. Bxf4 Bxf4 24. Nxf4 Qxf4 25. Rad1 Rh4 26. Ke2 Kc7 27.
Qe3 Nh5 28. Nxh5 Qxe3+ 29. Kxe3 R8xh5 30. Kd3 g3 31. f3 Rh2 32. Rg1 Rf5 33.
Rde1 Kd6 34. Re4 Rg5 35. a4 Rh6 36. Re5 Rh2 37. Re4 Rhh5 38. Ree1 e5 39. dxe5+
Rxe5 40. Rxe5 Rxe5 41. Rh1 b5 42. axb5 cxb5 43. c5+ Kc6 44. Ra1 Re7 45. Kd2 Kb7
46. Kd3 f5 47. Kd2 f4 48. Ra3 Rd7+ 49. Kc3 Rd1 50. Ra2 Rc1+ 51. Kd3 Rc4 52. Rb2
Kc6 53. Ra2 Rxb4 54. Rxa7 Rb2 55. Ke4 Rb4+ 56. Ke5 Kxc5 57. Rc7+ Kb6 58. Rc2
Rc4 59. Rxc4 bxc4 60. Kxf4 c3 61. Ke3 Kc5 62. Kd3 Kb4 63. Kc2 Kc4 64. f4 Kd4
65. f5 Ke5 66. Kxc3 Kxf5 67. Kd3 Kf4 68. Kd4 Kf5 69. Ke3 Kg5 70. Kf3 Kh4 71.
Kf4 Kh5 72. Kf3 Kh4 73. Kf4 Kh5 74. Kxg3 Kg5 75. Kf3 Kf5 76. g3 Kg5 77. g4 Kg6
78. Kg3 Kg5 79. Kh3 Kg6 80. Kh4 Kh6 81. g5+ Kg7 82. Kh5 Kh7 83. g6+ Kg8 84. Kh6
Kh8 85. g7+ Kg8 86. Kg6 1/2-1/2

[Event "6. ODEM U25 2009"]
[Site "Willingen GER"]
[Date "2009.06.03"]
[Round "6"]
[White "Bachem, Sabrina"]
[Black "Zeller, Lukas"]
[Result "1-0"]
[Termination "normal"]
[Board "45"]
[WhiteElo "1599"]
[BlackElo "1338"]
[PlyCount "77"]
[BlackFideId "1271152"]
[EventCountry "GER"]
[EventRounds "9"]
[EventType "swiss"]
[EventDate "2009.05.30"]

1. e4 g6 2. Nf3 d6 3. d4 Bg7 4. Nc3 Nc6 5. Be3 e5 6. d5 Nce7 7. g3 Nf6 8. Bg2
O-O 9. O-O Ng4 10. Bd2 f5 11. exf5 Bxf5 12. h3 Nf6 13. Nh4 Bd7 14. Qe2 Nf5 15.
Nxf5 Bxf5 16. Rac1 Qc8 17. g4 Bd7 18. Qc4 a6 19. a4 Kh8 20. b3 Qd8 21. Ne2 b5
22. Qb4 a5 23. Qa3 b4 24. Qb2 Be8 25. c3 bxc3 26. Bxc3 Qc8 27. f4 Ra7 28. fxe5
dxe5 29. Bxe5 Qd8 30. Ng3 Rb7 31. g5 Bxa4 32. gxf6 Rxb3 33. fxg7+ Kg8 34. Rxf8+
Qxf8 35. gxf8=Q+ Kxf8 36. Qf2+ Ke8 37. Rxc7 Rb1+ 38. Kh2 Bd7 39. Bd6 1-0

[Event "6. ODEM U25 2009"]
[Site "Willingen GER"]
[Date "2009.06.03"]
[Round "6"]
[White "Holle, Niklas"]
[Black "Kulling, Markus"]
[Result "0-1"]
[Termination "normal"]
[Board "46"]
[WhiteElo "795"]
[BlackElo "1451"]
[PlyCount "80"]
[BlackFideId "24698911"]
[EventCountry "GER"]
[EventRounds "9"]
[EventType "swiss"]
[EventDate "2009.05.30"]

1. e4 e6 2. f4 d5 3. e5 c5 4. Nf3 Nc6 5. c3 Nh6 6. Na3 Nf5 7. Nc2 f6 8. d4 Be7
9. Bd3 fxe5 10. fxe5 O-O 11. O-O Qe8 12. Be3 Nxe3 13. Nxe3 Qh5 14. Be2 Qg6 15.
Rf2 Bd7 16. Bd3 Qh5 17. Bc2 Rf7 18. Qd3 Raf8 19. Raf1 g6 20. h3 cxd4 21. Nxd4
Nxd4 22. Qxd4 Rxf2 23. Rxf2 Rxf2 24. Kxf2 b6 25. Nxd5 Bc5 26. Ne3 Bxd4 27. cxd4
Qh4+ 28. g3 Qxd4 29. b3 Qxe5 30. Ng4 Qb2 31. Nf6+ Qxf6+ 32. Ke2 Bb5+ 33. Kd1
Qf3+ 34. Kd2 Qe2+ 35. Kc3 Qe3+ 36. Kb2 Qd2 37. Kb1 Bd3 38. Bxd3 Qxd3+ 39. Kb2
Kf7 40. Ka3 Ke7 0-1

[Event "6. ODEM U25 2009"]
[Site "Willingen GER"]
[Date "2009.06.03"]
[Round "6"]
[White "Schirra, Felix"]
[Black "Mann, Jonas"]
[Result "1/2-1/2"]
[Termination "normal"]
[Board "47"]
[WhiteElo "1440"]
[BlackElo "1296"]
[PlyCount "70"]
[WhiteFideId "24692662"]
[BlackFideId "12900214"]
[EventCountry "GER"]
[EventRounds "9"]
[EventType "swiss"]
[EventDate "2009.05.30"]

1. e4 c5 2. Nf3 d6 3. d4 cxd4 4. Nxd4 Nf6 5. Nc3 a6 6. g3 e5 7. Nde2 Be6 8. Bg2
Be7 9. O-O O-O 10. a4 Nbd7 11. h3 Nc5 12. b4 Ncd7 13. Ba3 Nb6 14. g4 Qd7 15. a5
Nc4 16. Ng3 Rfc8 17. Nd5 Bxd5 18. exd5 Nxa3 19. Rxa3 Rc4 20. Qd2 Qb5 21. Nf5
Re8 22. Rb1 Ne4 23. Bxe4 Rxe4 24. Qd3 Rxb4 25. Qxb5 Rxb5 26. Rxb5 axb5 27. Rb3
Bf8 28. Rxb5 g6 29. Ne3 Ra8 30. Kf1 Ra7 31. Ke2 Be7 32. Nc4 Kg7 33. Ke3 Kf6 34.
f4 exf4+ 35. Kxf4 g5+ 1/2-1/2

[Event "6. ODEM U25 2009"]
[Site "Willingen GER"]
[Date "2009.06.03"]
[Round "6"]
[White "Wachinger, David"]
[Black "Schreiber, Justina"]
[Result "1/2-1/2"]
[Termination "normal"]
[Board "48"]
[WhiteElo "1386"]
[BlackElo "1269"]
[PlyCount "39"]
[WhiteFideId "24692689"]
[BlackFideId "24661570"]
[EventCountry "GER"]
[EventRounds "9"]
[EventType "swiss"]
[EventDate "2009.05.30"]

1. d4 d5 2. c4 c6 3. Nc3 Nf6 4. Nf3 Bf5 5. cxd5 Nxd5 6. Qb3 Nb6 7. Bf4 e6 8. e3
Bd6 9. Bxd6 Qxd6 10. Be2 N8d7 11. Nh4 Bg6 12. Nxg6 hxg6 13. h3 Nf6 14. Bf3 Qd7
15. Rc1 Rb8 16. O-O O-O 17. Rfd1 Rfd8 18. Qc2 Qc7 19. Qe2 Kf8 20. Qc2 1/2-1/2

[Event "6. ODEM U25 2009"]
[Site "Willingen GER"]
[Date "2009.06.03"]
[Round "6"]
[White "Sailer, Fabian"]
[Black "Nobis, Philipp"]
[Result "1-0"]
[Termination "normal"]
[Board "49"]
[WhiteElo "1380"]
[BlackElo "1261"]
[PlyCount "91"]
[BlackFideId "24602183"]
[EventCountry "GER"]
[EventRounds "9"]
[EventType "swiss"]
[EventDate "2009.05.30"]

1. e4 d5 2. exd5 Nf6 3. Bb5+ Bd7 4. Bc4 Bg4 5. f3 Bf5 6. Nc3 c6 7. dxc6 Nxc6 8.
d3 e6 9. Be3 Be7 10. Nge2 O-O 11. O-O Qc7 12. Bf4 Qb6+ 13. Kh1 Na5 14. Bb3 Nxb3
15. axb3 a6 16. Ng3 Bg6 17. Re1 Rfd8 18. Nge4 Bxe4 19. fxe4 Ng4 20. Qxg4 Bf6
21. Bg5 Bxg5 22. Qxg5 Qf2 23. Qc1 Rac8 24. Rf1 Qh4 25. Qf4 Qh5 26. Rf3 e5 27.
Qf5 Qxf5 28. Rxf5 f6 29. Kg1 Kf7 30. Kf2 Ra8 31. Ke2 b5 32. Ra5 Rdc8 33. Kd2
Ke7 34. Rf1 Ke6 35. Rfa1 Rc6 36. Nxb5 Rb6 37. Rxa6 Raxa6 38. Rxa6 Rxa6 39. Nc7+
Kd7 40. Nxa6 Kc6 41. Nb4+ Kc5 42. Nd5 g6 43. b4+ Kb5 44. c4+ Ka4 45. Kc3 f5 46.
Nb6# 1-0

[Event "6. ODEM U25 2009"]
[Site "Willingen GER"]
[Date "2009.06.03"]
[Round "6"]
[White "Neumair, Dorian"]
[Black "Kuckling, Linus"]
[Result "1-0"]
[Termination "normal"]
[Board "50"]
[WhiteElo "1340"]
[BlackElo "1197"]
[PlyCount "77"]
[BlackFideId "24658243"]
[EventCountry "GER"]
[EventRounds "9"]
[EventType "swiss"]
[EventDate "2009.05.30"]

1. e4 c5 2. c4 Nc6 3. Nc3 g6 4. g3 Bg7 5. Bg2 e6 6. Nge2 Nge7 7. O-O O-O 8. d3
d6 9. a3 Bd7 10. Rb1 a6 11. b4 cxb4 12. axb4 Rb8 13. b5 axb5 14. cxb5 Na7 15.
b6 Nac6 16. Ba3 Nc8 17. Nb5 Ra8 18. Qc1 Nxb6 19. Bxd6 Ne7 20. Bc7 Qc8 21. Nd6
Bh6 22. f4 Nc6 23. Nxc8 Rfxc8 24. Bxb6 Nd4 25. Qxc8+ Rxc8 26. Bxd4 b5 27. Rfc1
Rb8 28. Rb4 Bf8 29. Bc5 Bxc5+ 30. Rxc5 Kg7 31. Nc3 f5 32. exf5 exf5 33. Rc7 Rd8
34. Rxb5 Kf6 35. Rbb7 Be6 36. Rb6 Rxd3 37. Nd5+ Rxd5 38. Bxd5 g5 39. Rxe6# 1-0

[Event "6. ODEM U25 2009"]
[Site "Willingen GER"]
[Date "2009.06.03"]
[Round "6"]
[White "Alt, Elisabeth"]
[Black "Brühan, Caren"]
[Result "1/2-1/2"]
[Termination "normal"]
[Board "51"]
[WhiteElo "1257"]
[BlackElo "1265"]
[PlyCount "66"]
[WhiteFideId "24692620"]
[BlackFideId "24691976"]
[EventCountry "GER"]
[EventRounds "9"]
[EventType "swiss"]
[EventDate "2009.05.30"]

1. d4 d5 2. Nf3 Nf6 3. e3 Bf5 4. c4 e6 5. Nc3 Be7 6. Bd3 Bg6 7. O-O O-O 8. Re1
c5 9. Ne5 Nbd7 10. Nxg6 hxg6 11. Qb3 Nb6 12. cxd5 exd5 13. dxc5 Bxc5 14. Na4
Nxa4 15. Qxa4 Re8 16. Bd2 Qb6 17. b4 Bd6 18. Rab1 d4 19. e4 Ng4 20. g3 Ne5 21.
Be2 d3 22. Bd1 a5 23. Qb3 axb4 24. Bxb4 Bxb4 25. Qxb4 Qxb4 26. Rxb4 Rxa2 27.
Rxb7 d2 28. Rf1 Ra1 29. Rb3 Nc4 30. f3 f5 31. Be2 d1=Q 32. Rxd1 Rxd1+ 33. Bxd1
fxe4 1/2-1/2

[Event "6. ODEM U25 2009"]
[Site "Willingen GER"]
[Date "2009.06.03"]
[Round "6"]
[White "Triantafillidis, Zoe"]
[Black "Mehling, Franziska"]
[Result "0-1"]
[Termination "normal"]
[Board "52"]
[WhiteElo "923"]
[BlackElo "1257"]
[PlyCount "76"]
[WhiteFideId "12900150"]
[BlackFideId "12900133"]
[EventCountry "GER"]
[EventRounds "9"]
[EventType "swiss"]
[EventDate "2009.05.30"]

1. e4 c5 2. Bc4 d6 3. Nf3 Nf6 4. Nc3 g6 5. Ng5 e6 6. d3 Bg7 7. Bf4 O-O 8. e5
dxe5 9. Bxe5 Nc6 10. Nf3 Nxe5 11. Nxe5 Qc7 12. Nf3 a6 13. a3 b5 14. Ba2 Bb7 15.
O-O Rad8 16. Qe2 Nd5 17. Nxd5 exd5 18. c3 Rfe8 19. Qc2 Re7 20. Rac1 Rde8 21. g3
Re2 22. Qb1 Qc6 23. d4 Qf6 24. Nh4 cxd4 25. cxd4 Qxd4 26. b4 Rb2 27. Qa1 Qb6
28. Rcd1 Rxf2 29. Qxg7+ Kxg7 30. Rxf2 Re2 31. Rdf1 Rxa2 32. Ng2 Rxf2 33. Rxf2
Qd4 34. Ne1 Qe3 35. Nc2 Qc1+ 36. Kg2 d4+ 37. Kh3 Qh6+ 38. Kg4 f5+ 0-1

[Event "6. ODEM U25 2009"]
[Site "Willingen GER"]
[Date "2009.06.03"]
[Round "6"]
[White "Batora, Manuel"]
[Black "Weber, Yannik"]
[Result "0-1"]
[Termination "normal"]
[Board "54"]
[WhiteElo "900"]
[BlackElo "1236"]
[PlyCount "24"]
[WhiteFideId "12900230"]
[BlackFideId "24692700"]
[EventCountry "GER"]
[EventRounds "9"]
[EventType "swiss"]
[EventDate "2009.05.30"]

1. f4 e5 2. e4 d6 3. Nf3 Nc6 4. Bb5 Nge7 5. d4 a6 6. Ba4 b5 7. Bb3 Bg4 8. Nbd2
Nxd4 9. Bxf7+ Kxf7 10. Ng5+ Ke8 11. Qxg4 Nxc2+ 12. Kd1 Ne3+ 0-1

[Event "6. ODEM U25 2009"]
[Site "Willingen GER"]
[Date "2009.06.03"]
[Round "6"]
[White "Reksten, Lisa"]
[Black "Kilic, Ahmet"]
[Result "1-0"]
[Termination "normal"]
[Board "55"]
[WhiteElo "1141"]
[BlackElo "1166"]
[PlyCount "61"]
[EventCountry "GER"]
[EventRounds "9"]
[EventType "swiss"]
[EventDate "2009.05.30"]

1. e4 e5 2. Nc3 b6 3. Nf3 d6 4. Bc4 Bb7 5. d4 Nd7 6. d5 Be7 7. O-O Ngf6 8. Bg5
O-O 9. Qd2 Nc5 10. Rfe1 Ng4 11. h3 Bxg5 12. Nxg5 Nh6 13. b4 Nd7 14. Ne2 a5 15.
a3 Ba6 16. Bxa6 Rxa6 17. Qd3 Qa8 18. f4 axb4 19. f5 Nc5 20. Qg3 bxa3 21. f6
Nxe4 22. Nxe4 g6 23. Ng5 Nf5 24. Qg4 Ne3 25. Qh4 h5 26. Ra2 Qxd5 27. Qg3 Qxa2
28. Qxe3 Qxc2 29. Nf3 a2 30. Qh6 a1=Q 31. Qg7# 1-0

[Event "6. ODEM U25 2009"]
[Site "Willingen GER"]
[Date "2009.06.03"]
[Round "6"]
[White "Eichstaedt, Ina"]
[Black "Michels, Till"]
[Result "1-0"]
[Termination "normal"]
[Board "56"]
[WhiteElo "887"]
[BlackElo "968"]
[PlyCount "53"]
[WhiteFideId "1270265"]
[EventCountry "GER"]
[EventRounds "9"]
[EventType "swiss"]
[EventDate "2009.05.30"]

1. e4 e5 2. Nf3 Nc6 3. Nc3 Bc5 4. Bb5 Nf6 5. h3 d5 6. Nxe5 Qd6 7. Nxc6 bxc6 8.
Bd3 dxe4 9. Bxe4 Nxe4 10. Nxe4 Qe6 11. d3 O-O 12. O-O Qg6 13. g4 h5 14. Bg5 f6
15. gxh5 Qf5 16. Qg4 Qe5 17. Qg3 Qxb2 18. Bxf6 Rxf6 19. Nxf6+ Qxf6 20. Rae1 Bd6
21. f4 g5 22. hxg6 Bf5 23. Qg5 Qf8 24. g7 Qf7 25. Qh6 Bc5+ 26. Kh2 Re8 27. Qh8#
1-0

[Event "6. ODEM U25 2009"]
[Site "Willingen GER"]
[Date "2009.06.04"]
[Round "7"]
[White "Figura, Atila Gajo"]
[Black "Siebarth, Marco"]
[Result "1/2-1/2"]
[Termination "normal"]
[Board "1"]
[WhiteTitle "FM"]
[WhiteElo "2417"]
[BlackElo "2031"]
[PlyCount "43"]
[WhiteFideId "4688058"]
[BlackFideId "24604330"]
[EventCountry "GER"]
[EventRounds "9"]
[EventType "swiss"]
[EventDate "2009.05.30"]

1. d4 Nf6 2. Nf3 d5 3. c4 c6 4. e3 e6 5. Nc3 Be7 6. Qc2 Nbd7 7. g4 h6 8. Rg1 g5
9. Bd2 dxc4 10. Bxc4 b5 11. Be2 Bb7 12. a3 b4 13. axb4 Bxb4 14. Ne5 c5 15. Nd3
a5 16. dxc5 Nxc5 17. Nxc5 Bxc5 18. Nb5 O-O 19. Bc3 Ne4 20. Bd3 Nxc3 21. Nxc3
Bb4 22. Ke2 1/2-1/2

[Event "6. ODEM U25 2009"]
[Site "Willingen GER"]
[Date "2009.06.04"]
[Round "7"]
[White "Wagner, Florian"]
[Black "Zhou, Syang"]
[Result "1/2-1/2"]
[Termination "normal"]
[Board "2"]
[WhiteTitle "FM"]
[WhiteElo "2302"]
[BlackElo "2090"]
[PlyCount "31"]
[WhiteFideId "4698118"]
[BlackFideId "24636126"]
[EventCountry "GER"]
[EventRounds "9"]
[EventType "swiss"]
[EventDate "2009.05.30"]

1. g3 g6 2. Bg2 Bg7 3. d4 c5 4. d5 d6 5. Nc3 Nf6 6. Nf3 b5 7. Nxb5 Qa5+ 8. Nc3
Ne4 9. Bd2 Nxc3 10. bxc3 Bxc3 11. O-O O-O 12. Bxc3 Qxc3 13. Qd3 Qa5 14. h4 h5
15. Qe3 Re8 16. Ng5 1/2-1/2

[Event "6. ODEM U25 2009"]
[Site "Willingen GER"]
[Date "2009.06.04"]
[Round "7"]
[White "Kyas, Marcel"]
[Black "Coenen, Michael"]
[Result "1/2-1/2"]
[Termination "normal"]
[Board "3"]
[WhiteElo "2106"]
[BlackElo "2260"]
[PlyCount "64"]
[WhiteFideId "24642037"]
[BlackFideId "4697367"]
[EventCountry "GER"]
[EventRounds "9"]
[EventType "swiss"]
[EventDate "2009.05.30"]

1. d4 Nf6 2. c4 e6 3. g3 d5 4. Nf3 c6 5. Qc2 Ne4 6. Bg2 Nd7 7. O-O Bd6 8. Nfd2
Nxd2 9. Nxd2 f5 10. cxd5 cxd5 11. Nf3 O-O 12. Bf4 Nf6 13. Bxd6 Qxd6 14. Rfc1
Bd7 15. Ne5 Rfc8 16. Qd2 Bc6 17. Rc3 Rc7 18. Rac1 Rac8 19. Nd3 Re8 20. Ra3 Bb5
21. Rxc7 Qxc7 22. Ne5 Rc8 23. Rc3 Qd8 24. Kf1 Ne8 25. Qc2 Rxc3 26. Qxc3 Nd6 27.
b3 Ba6 28. a4 h6 29. Ke1 Kh7 30. Qc5 Kg8 31. Qc3 Qb8 32. Qc5 Qd8 1/2-1/2

[Event "6. ODEM U25 2009"]
[Site "Willingen GER"]
[Date "2009.06.04"]
[Round "7"]
[White "Weißbeck, Simon"]
[Black "Siebarth, Raiko"]
[Result "0-1"]
[Termination "normal"]
[Board "4"]
[WhiteElo "1959"]
[BlackElo "2246"]
[PlyCount "48"]
[WhiteFideId "24646865"]
[BlackFideId "4674766"]
[EventCountry "GER"]
[EventRounds "9"]
[EventType "swiss"]
[EventDate "2009.05.30"]

1. e4 d6 2. d4 g6 3. Nc3 Bg7 4. Be3 Nd7 5. f3 c5 6. Bb5 cxd4 7. Bxd4 Ngf6 8.
Nge2 O-O 9. O-O a6 10. Bc4 b5 11. Bd5 Rb8 12. a3 Nb6 13. b4 Qc7 14. Rc1 Bd7 15.
Qd3 Rfc8 16. Bb3 Nc4 17. f4 e5 18. Bf2 exf4 19. Bh4 Ne5 20. Qd2 Be6 21. Qxf4
Nh5 22. Qf2 Ng4 23. Qf3 d5 24. g3 Bxc3 0-1

[Event "6. ODEM U25 2009"]
[Site "Willingen GER"]
[Date "2009.06.04"]
[Round "7"]
[White "Sievers, Andy"]
[Black "Mantler, Hendrik"]
[Result "0-1"]
[Termination "normal"]
[Board "5"]
[WhiteElo "1953"]
[BlackElo "2164"]
[PlyCount "54"]
[WhiteFideId "24607908"]
[BlackFideId "4697790"]
[EventCountry "GER"]
[EventRounds "9"]
[EventType "swiss"]
[EventDate "2009.05.30"]

1. e4 e5 2. Nf3 Nc6 3. Bc4 Nf6 4. Ng5 d5 5. exd5 Na5 6. Bb5+ c6 7. dxc6 bxc6 8.
Qf3 Be7 9. Bxc6+ Nxc6 10. Qxc6+ Bd7 11. Qc4 O-O 12. Nc3 Rc8 13. Qd3 h6 14. Nge4
Nh5 15. Nd5 Bc6 16. Nec3 Bc5 17. O-O Bd4 18. g3 Bxd5 19. Nxd5 Qxd5 20. Qe2 Nf6
21. c3 Bb6 22. Re1 e4 23. b3 Rfd8 24. c4 Qf5 25. b4 Bd4 26. Rb1 Rxc4 27. Bb2
Rxb4 0-1

[Event "6. ODEM U25 2009"]
[Site "Willingen GER"]
[Date "2009.06.04"]
[Round "7"]
[White "Gölz, Daniel"]
[Black "Hinz, Arne"]
[Result "1-0"]
[Termination "normal"]
[Board "6"]
[WhiteElo "2058"]
[BlackElo "1965"]
[PlyCount "46"]
[WhiteFideId "24626325"]
[BlackFideId "24634875"]
[EventCountry "GER"]
[EventRounds "9"]
[EventType "swiss"]
[EventDate "2009.05.30"]

1. e4 Nf6 2. e5 Nd5 3. d4 d6 4. c4 Nb6 5. f4 dxe5 6. fxe5 Nc6 7. Be3 Bf5 8. Nc3
e6 9. Nf3 Bg4 10. Qd2 Bb4 11. Be2 Qd7 12. O-O Bxf3 13. Rxf3 O-O-O 14. Rd1 Rhf8
15. a3 Be7 16. b4 f6 17. b5 Nb8 18. exf6 gxf6 19. c5 Nd5 20. Nxd5 Qxd5 21. Qa5
e5 22. Qxa7 exd4 23. c6 b6 1-0

[Event "6. ODEM U25 2009"]
[Site "Willingen GER"]
[Date "2009.06.04"]
[Round "7"]
[White "Adelhütte, Dennis"]
[Black "Tschlatscher, Thomas"]
[Result "0-1"]
[Termination "normal"]
[Board "7"]
[WhiteElo "1712"]
[BlackElo "1983"]
[PlyCount "50"]
[WhiteFideId "4661265"]
[BlackFideId "24635863"]
[EventCountry "GER"]
[EventRounds "9"]
[EventType "swiss"]
[EventDate "2009.05.30"]

1. e4 Nc6 2. Nf3 e5 3. d4 exd4 4. Bc4 d6 5. Nxd4 Be7 6. O-O Nxd4 7. Qxd4 Bf6 8.
Qe3 Ne7 9. f4 Nc6 10. c3 O-O 11. Nd2 Re8 12. Nf3 Be6 13. Bxe6 Rxe6 14. Bd2 Qe7
15. Rae1 Re8 16. Qf2 Kf8 17. e5 dxe5 18. fxe5 Bxe5 19. Nxe5 Rxe5 20. Rxe5 Nxe5
21. Re1 b6 22. Bf4 Nf3+ 23. gxf3 Qxe1+ 24. Qxe1 Rxe1+ 25. Kf2 Rb1 0-1

[Event "6. ODEM U25 2009"]
[Site "Willingen GER"]
[Date "2009.06.04"]
[Round "7"]
[White "Schneider, Christian"]
[Black "Müller, Denis"]
[Result "1-0"]
[Termination "normal"]
[Board "8"]
[WhiteElo "2116"]
[BlackElo "1934"]
[PlyCount "55"]
[WhiteFideId "24613886"]
[BlackFideId "4696140"]
[EventCountry "GER"]
[EventRounds "9"]
[EventType "swiss"]
[EventDate "2009.05.30"]

1. e4 e6 2. Qe2 c5 3. d3 Nc6 4. Nf3 Be7 5. g3 d5 6. Bg2 Nf6 7. O-O O-O 8. Re1
b5 9. c3 a5 10. e5 Nd7 11. h4 b4 12. c4 Nb6 13. Bf4 Ba6 14. b3 Qd7 15. Nbd2 a4
16. Nf1 Rfd8 17. Ne3 Bb7 18. Ng5 dxc4 19. Qh5 Bxg5 20. Bxg5 cxd3 21. Ng4 d2 22.
Nf6+ gxf6 23. Bxf6 dxe1=Q+ 24. Rxe1 Qd3 25. Be4 Qxe4 26. Rxe4 Ne7 27. Qg5+ Ng6
28. Qh6 1-0

[Event "6. ODEM U25 2009"]
[Site "Willingen GER"]
[Date "2009.06.04"]
[Round "7"]
[White "Klippel, Jan"]
[Black "Erben, Larissa"]
[Result "1-0"]
[Termination "normal"]
[Board "9"]
[WhiteElo "2035"]
[BlackElo "2040"]
[PlyCount "73"]
[WhiteFideId "24642215"]
[BlackFideId "24634590"]
[EventCountry "GER"]
[EventRounds "9"]
[EventType "swiss"]
[EventDate "2009.05.30"]

1. e4 c5 2. Nf3 e6 3. d4 cxd4 4. Nxd4 Nc6 5. Nb5 d6 6. Bf4 e5 7. Be3 Nf6 8. Bg5
Qa5+ 9. Bd2 Qd8 10. Bg5 a6 11. N5c3 Be6 12. Be2 Be7 13. Bxf6 Bxf6 14. Nd5 Bg5
15. O-O O-O 16. Nbc3 b5 17. a4 b4 18. Na2 a5 19. c3 Rb8 20. cxb4 Nxb4 21. Naxb4
axb4 22. b3 Qa5 23. Bc4 Rfc8 24. Ra2 Kh8 25. Qe2 f5 26. Rd1 Rc5 27. Ne3 Bxe3
28. Bxe6 Bd4 29. exf5 Rc3 30. Qe4 Qc5 31. Re2 Rc1 32. Rxc1 Qxc1+ 33. Re1 Qc5
34. Rf1 Rf8 35. g3 g6 36. fxg6 hxg6 37. Qh4+ 1-0

[Event "6. ODEM U25 2009"]
[Site "Willingen GER"]
[Date "2009.06.04"]
[Round "7"]
[White "Nehls, Benedikt"]
[Black "Wurm, Alexander"]
[Result "0-1"]
[Termination "normal"]
[Board "10"]
[WhiteElo "1836"]
[BlackElo "2055"]
[PlyCount "110"]
[WhiteFideId "24656771"]
[BlackFideId "24637246"]
[EventCountry "GER"]
[EventRounds "9"]
[EventType "swiss"]
[EventDate "2009.05.30"]

1. Nf3 Nf6 2. c4 g6 3. Nc3 Bg7 4. g3 O-O 5. Bg2 d6 6. O-O Nc6 7. d4 e5 8. e4
Bg4 9. d5 Nd4 10. Be3 Bxf3 11. Bxf3 Nxf3+ 12. Qxf3 Nd7 13. Qe2 f5 14. b4 f4 15.
Bd2 f3 16. Qd3 Nf6 17. h3 h5 18. Kh2 Qd7 19. Rfe1 Rf7 20. c5 Bf8 21. cxd6 Bxd6
22. Re3 Ng4+ 23. hxg4 hxg4 24. Rh1 Rh7+ 25. Kg1 Rxh1+ 26. Kxh1 Qh7+ 27. Kg1 Kg7
28. Rxf3 Rh8 29. Kf1 Qh1+ 30. Ke2 Qxf3+ 31. Qxf3 gxf3+ 32. Kxf3 Bxb4 33. a3 Ba5
34. Ke3 a6 35. Kd3 Rh1 36. f4 exf4 37. gxf4 b5 38. e5 Ra1 39. a4 b4 40. Ne4
Rxa4 41. Nc5 Ra3+ 42. Ke4 b3 43. Nxb3 Bxd2 44. Nxd2 Ra4+ 45. Ke3 a5 46. Ne4 Ra1
47. Ng5 a4 48. Ne6+ Kf7 49. Nxc7 a3 50. d6 a2 51. e6+ Kf6 52. e7 Re1+ 53. Kd2
a1=Q 54. e8=N+ Rxe8 55. Nxe8+ Ke6 0-1

[Event "6. ODEM U25 2009"]
[Site "Willingen GER"]
[Date "2009.06.04"]
[Round "7"]
[White "Höpfner, Tim"]
[Black "Bart, Simon"]
[Result "1/2-1/2"]
[Termination "normal"]
[Board "11"]
[WhiteElo "1824"]
[BlackElo "1988"]
[PlyCount "68"]
[WhiteFideId "4638310"]
[BlackFideId "24637327"]
[EventCountry "GER"]
[EventRounds "9"]
[EventType "swiss"]
[EventDate "2009.05.30"]

1. d4 Nf6 2. c4 g6 3. Nc3 Bg7 4. e4 d6 5. f3 O-O 6. Be3 Nc6 7. Nge2 a6 8. Nc1
e5 9. d5 Nd4 10. N1e2 c5 11. dxc6 Nxc6 12. Qd2 Rb8 13. Rd1 Be6 14. Nd5 b5 15.
Nec3 Nd4 16. b3 Qa5 17. Bd3 bxc4 18. Bxc4 Bxd5 19. Nxd5 Qxd2+ 20. Rxd2 Nxd5 21.
Bxd5 Rfc8 22. Bc4 Kf8 23. O-O a5 24. f4 Rc7 25. f5 gxf5 26. exf5 Bf6 27. g4 a4
28. g5 axb3 29. axb3 Nxb3 30. Bxb3 Rxb3 31. gxf6 Rxe3 32. Rxd6 Ke8 33. Rfd1 Rc8
34. Rd7 Re2 1/2-1/2

[Event "6. ODEM U25 2009"]
[Site "Willingen GER"]
[Date "2009.06.04"]
[Round "7"]
[White "Kabitzke, Julian"]
[Black "Ackermann, Johannes"]
[Result "0-1"]
[Termination "normal"]
[Board "12"]
[WhiteElo "1823"]
[BlackElo "1935"]
[PlyCount "56"]
[WhiteFideId "24669547"]
[BlackFideId "24663875"]
[EventCountry "GER"]
[EventRounds "9"]
[EventType "swiss"]
[EventDate "2009.05.30"]

1. e4 e5 2. Nf3 Nc6 3. Bb5 a6 4. Ba4 Nf6 5. O-O Be7 6. Re1 b5 7. Bb3 d6 8. c3
O-O 9. h3 Na5 10. Bc2 d5 11. exd5 e4 12. Ng5 Nxd5 13. Nxh7 Kxh7 14. Bxe4+ Kg8
15. Bxd5 Qxd5 16. Rxe7 Bxh3 17. Qf3 Qg5 18. Re1 Rae8 19. Rf1 Bxg2 20. Qxg2 Qh4
21. Qg3 Qh5 22. Qh2 Qf3 23. Qg2 Qd3 24. Qg3 Qf5 25. f4 Re6 26. Kf2 Qh5 27. Qf3
Qh2+ 28. Qg2 Re2+ 0-1